000 01742naa a22003617a 4500
001 BR8603085
003 BR-BrBNA
005 20250721154514.0
007 ta
008 250630b bl.|||m| |||| 00| 0 por d
040 _aBR-BrBNA
_bpor
_cBiblioteca Nacional de Agricultura
041 _a(Pt)
072 _aL72; L73
_b5300
_b4020
_bG514
090 _aL72 BR8603085
100 1 _aBarcellos, D.E.S.N. de
100 1 _aRodrigues, N.C.
100 1 _aOliveira, S.J. de
100 1 _aBorowsky, S.M.
111 1 _a3. Simposio do Centro Nacional de Pesquisa de Suinos e Aves; 2. Simposio Catarinense de Sanidade Suina
_cConcordia, SC (Brazil)
_d7-11 Nov 1983
245 1 _aOcorrencia da coccidiose como causa da diarreia em leitoes lactentes no Rio Grande do Sul [Eimeria, Isospora suis]
246 1 _aOccurrence of coccidia as a cause of diarrhea in suckling piglets in Rio Grande do Sul [Eimeria, Isospora suis]
246 1 _a[Annals of the 3. Symposium of the National Center of Swine and Poultry Research and 2. Santa Catarina Symposium of Swine Health]
500 _aAnais do 3. Simposio do Centro Nacional de Pesquisa de Suinos e Aves e 2. Simposio Catarinense de Sanidade Suina Concordia, SC (Brasil): 1981. p. 316-318 (BR8603085-AMS)
773 0 _tAnais do 3. Simposio do Centro Nacional de Pesquisa de Suinos e Aves e 2. Simposio Catarinense de Sanidade Suina
_wL72 BR8603085
_gConcordia, SC (Brasil), 1981. p. 316-318
650 _aLEITAO
650 _aCOCCIDIOSE
650 _aDIARREIA
650 _aDIAGNOSTICO
650 _aRIO GRANDE DO SUL
490 _aDocumentos - Centro Nacional de Pesquisa de Suinos e Aves (Brazil)
_vno. 7
_xISSN 0101-6245
942 _cAMS
_2AGRIS
909 _a202506
_bLúcia
_c55
_dLúcia Elande
999 _c335200
_d335200